|
|
|
|
| LEADER |
00000cam a2200000 7i4500 |
| 001 |
0000007076 |
| 002 |
000007615 |
| 005 |
20000330.0 |
| 020 |
|
|
|a 9813014326
|
| 090 |
0 |
0 |
|a JF
|b BOO
|
| 245 |
0 |
0 |
|a Lots more tell me more
|
| 260 |
|
|
|a Singapore :
|b Bookworm ,
|c 1990
|
| 300 |
|
|
|a 76p. :
|b ill. ;
|c 21cm.
|
| 490 |
0 |
|
|a Bookworm
|
| 650 |
0 |
0 |
|a Children's stories
|
| 999 |
|
|
|a 026623
|b BUKU
|c PINJAMAN
|e PERPUSTAKAAN KOMUNITI PETALING JAYA
|
| 999 |
|
|
|a 047243
|b BUKU
|c PINJAMAN
|e PERPUSTAKAAN KOMUNITI PETALING JAYA
|
| 999 |
|
|
|a 047244
|b BUKU
|c PINJAMAN
|e PERPUSTAKAAN KOMUNITI PETALING JAYA
|
| 999 |
|
|
|a 051021
|b BUKU
|c PINJAMAN
|e PERPUSTAKAAN KOMUNITI PETALING JAYA
|